| 000 -LEADER |
| fixed length control field |
01613nam a22003497a 4500 |
| 008 - FIXED-LENGTH DATA ELEMENTS--GENERAL INFORMATION |
| fixed length control field |
250528b xxu||||| |||| 00| 0 eng d |
| 040 ## - CATALOGING SOURCE |
| Original cataloging agency |
Cagayan State University |
| 082 ## - DEWEY DECIMAL CLASSIFICATION NUMBER |
| Classification number |
791.4372 |
| Item number |
D384 |
| 245 ## - TITLE STATEMENT |
| Title |
Demon City / directed by Seiji Tanaka ; produced by Yasuhiro Masaoka, Takeshi Sawa ; written by Masamichi Kawabe |
| 260 ## - PUBLICATION, DISTRIBUTION, ETC. (IMPRINT) |
| Place of publication, distribution, etc |
Japan : |
| Name of publisher, distributor, etc |
Netflix, |
| Date of publication, distribution, etc |
2025 |
| 300 ## - PHYSICAL DESCRIPTION |
| Extent |
1 videofile, (ca. 107mins.) : |
| Other physical details |
sound, color. |
| 520 ## - SUMMARY, ETC. |
| Summary, etc |
Shuhei Sakata (Toma Ikuta) is a legendary hitman, who has a wife and a daughter named Ryo. He decides to retire and live a happy life with his wife and daughter, but, one day, his beloved wife and daughter are killed by a group of people in masks in front of him. Shuhei Sakata barely survives from the attack, but he falls into a coma. 12 years later, he wakes up and decides to take revenge on the people who took the life of his wife and daughter. But, his daughter Ryo (Ami Touma), who he thought was dead, appears in front of him. |
| 546 ## - LANGUAGE NOTE |
| Language note |
In English subtitle. |
| 650 ## - SUBJECT ADDED ENTRY--TOPICAL TERM |
| Topical term or geographic name as entry element |
Action. |
| 650 ## - SUBJECT ADDED ENTRY--TOPICAL TERM |
| Topical term or geographic name as entry element |
Crime. |
| 650 ## - SUBJECT ADDED ENTRY--TOPICAL TERM |
| Topical term or geographic name as entry element |
Adventure. |
| 650 ## - SUBJECT ADDED ENTRY--TOPICAL TERM |
| Topical term or geographic name as entry element |
Fantasy. |
| 650 ## - SUBJECT ADDED ENTRY--TOPICAL TERM |
| Topical term or geographic name as entry element |
Thriller. |
| 700 ## - ADDED ENTRY--PERSONAL NAME |
| Personal name |
Ikuta, Tôma, star. |
| 700 ## - ADDED ENTRY--PERSONAL NAME |
| Personal name |
Higashide, Masahiro, star. |
| 700 ## - ADDED ENTRY--PERSONAL NAME |
| Personal name |
Miou, Tanaka, star. |
| 700 ## - ADDED ENTRY--PERSONAL NAME |
| Personal name |
Tôma, Ami, star. |
| 700 ## - ADDED ENTRY--PERSONAL NAME |
| Personal name |
Suruga, Tarô , star. |
| 700 ## - ADDED ENTRY--PERSONAL NAME |
| Personal name |
Kiryû, Mai, star. |
| 700 ## - ADDED ENTRY--PERSONAL NAME |
| Personal name |
Takenaka, Naoto, star. |
| 700 ## - ADDED ENTRY--PERSONAL NAME |
| Personal name |
Otoo, Takuma, star. |
| 700 ## - ADDED ENTRY--PERSONAL NAME |
| Personal name |
Takashima, Masanobu, star. |
| 700 ## - ADDED ENTRY--PERSONAL NAME |
| Personal name |
Onoe, Matsuya, star. |
| 700 ## - ADDED ENTRY--PERSONAL NAME |
| Personal name |
Kato, Kohei, cinematographer. |
| 700 ## - ADDED ENTRY--PERSONAL NAME |
| Personal name |
Hori, Zensuke, editor. |
| 942 ## - ADDED ENTRY ELEMENTS (KOHA) |
| Source of classification or shelving scheme |
|
| Item type |
Audio-Visual Materials |